000 00718nam a2200205Ii 4500
003 JO-AjNU
008 230605s9999||||xx |||||||||||||| ||und||
040 _aJO-AjNU
_bara
_erda
_cJO-AjNU
041 _aara
050 1 4 _aBP190 1984
100 3 _aتحقيق: الظاهري، أبو عبد الرحمن بن عقيل,
_eauthor
_915610
245 0 0 _aالذخيرة من المصنفات الصغيرة
250 _aط1
264 3 1 _aد.م: المؤلف، 1984
300 _a332ص
_bالسفر الاول يشتمل هذا السفر على تحقيق 11 مخطوط
336 _atext
_btxt
_2rdacontent
337 _aunmediated
_bn
_2rdamedia
338 _avolume
_bnc
_2rdacarrier
650 4 _aالاسلام
_915611
999 _aA4448
_c8016
_d8016